Statistics for Most Generous Countries

Click here to take the quiz!

General Stats

  • This quiz has been taken 4,716 times
    (4,708 since last reset)
  • The average score is 19 of 22

Answer Stats

Hint Answer % Correct
0.52%United Kingdom
96%
0.47%France
94%
0.36%Germany
94%
1.03%Sweden
93%
0.17%United States of America
93%
0.30%Canada
93%
0.32%Spain
92%
0.89%Norway
92%
0.20%Italy
91%
0.39%Finland
90%
0.30%Australia
89%
0.80%Denmark
87%
0.25%Japan
87%
0.39%Switzerland
85%
0.81%Netherlands
85%
0.50%Belgium
82%
0.48%Austria
81%
0.21%Portugal
81%
0.27%New Zealand
79%
0.53%Ireland
78%
0.16%Greece
71%
0.89%Luxembourg
63%

Score Distribution

Percentile by Number Answered

Percent of People with Each Score

Your Score History

You have not taken this quiz since the last reset